000 04190nab a2200349 i 4500
003 BR-BrBNA
005 20240923141550.0
008 240923b2018 bl.|r|pooa||| 00| 0 por |
040 _aBR-BrBNA
_bpor
072 _aL73
_b5400
072 _aL70
100 _aAntunes, T.R.
100 _aGodoy, K.C.S.
100 _aOliveira, G.G.
100 _aSilveira, A.W.
100 _aRamos, C.A.N.R.
100 _aSouza, A.I.
245 _aTécnicas de citologia aspirativa, biópsia e citobloco de medula óssea para identificação e determinação de intensidade parasitária na leishmaniose visceral canina
500 _a Publicação online; 25 ref.; Summaries (En, Pt)
520 _a RESUMO - O objetivo com este estudo foi comparar as técnicas de citologia aspirativa, biópsia e citobloco para identificação e quantificação parasitológica de Leishmania (Leishmania) infantum chagasi em medula óssea de cães. Amostras de tecido medular de 26 animais, em diferentes estágios clínico-laboratoriais da doença, foram estudadas obedecendo-se os mesmos critérios de investigação nas técnicas de citologia aspirativa, biópsia e citobloco. O menor número de campos para a confirmação parasitológica foi constatado no esfregaço direto obtido por citologia aspirativa. O estágio clínico-laboratorial não influenciou no número de campos necessários para a primeira visualização do agente em nenhuma das técnicas (p>0,05), e menor intensidade parasitária foi observada nas lâminas de citobloco. As técnicas de citologia aspirativa e biópsia concordaram na estimativa do coeficiente de infectividade no tecido estudado (p<0,05). Apesar de a técnica de citobloco permitir a concentração de células e o melhor reaproveitamento de amostras, não demonstrou ser um método adequado para rápida identificação e quantificação parasitológica na leishmaniose visceral canina. Considerando-se suas vantagens, a citologia aspirativa foi o melhor método para detecção microscópica do parasito e determinação do nível de intensidade parasitária no tecido estudado. Palavras-chave: cão, diagnóstico parasitológico, Leishmania
520 _a ABSTRACT - The aim of the present study was to compare the aspiration cytology, biopsy and cell block techniques for identification and parasitological quantification of Leishmania (Leishmania) infantum chagasi in dog bone marrow. Bone marrow tissue samples from 26 animals, in different clinical-laboratory stages of the disease, were studied according to the same criteria of investigation in the aspiration cytology, biopsy and cell block techniques. The lowest number of fields for the parasitological confirmation was found in the direct smear obtained by aspiration cytology. The clinical-laboratory stage did not influence the number of fields required for the first visualization of the agent in any of the techniques (p> 0.05) and less parasitic intensity was observed in the cell block slides. The aspiration cytology and biopsy techniques agreed on the estimation of infectivity coefficient in the tissue studied (p< 0.05). Although the cell block technique allows the concentration of cells and better reutilization of samples, it has not been shown to be an adequate method for rapid identification and parasitological quantification in canine visceral leishmaniasis. Considering its advantages, aspiration cytology was the best method for microscopic detection of the parasite and determination of the level of parasite intensity in the tissue studied. Keywords: dog, parasitological diagnosis, Leishmania
650 _aCÃO
650 _aDOENÇA ANIMAL
650 _aLEISHMANIOSE
650 _aPARASITO
650 _aMEDULA ÓSSEA
650 _aTECNOLOGIA APROPRIADA
773 0 _01643
_9344677
_dBelo Horizonte-MG Universidade Federal de Minas Gerais - Escola de Veterinaria 1983
_o2024-5011
_tArquivo Brasileiro de Medicina Veterinária e Zootecnia (Brazil)
_x0102-0935
_gv. 70(5) p. 1362-1368; (2018)
_wBR2024002689
856 _uhttps://www.scielo.br/j/abmvz/a/J5cFfKnXXSVZktmphrJXwmr/?format=pdf&lang=pt
942 _cANA
999 _c327771
_d327771